[Event "Hamburg-chT Landesliga 1213"]
[Site "Hamburg"]
[Date "2013.04.13"]
[Round "8.2"]
[White "Grote, Dirk"]
[Black "Prosch, Sebastian"]
[Result "1/2-1/2"]
[WhiteElo "2157"]
[BlackElo "2092"]
[PlyCount "75"]
[EventDate "2012.10.14"]
[EventType "team-tourn"]
[EventRounds "9"]
[EventCountry "GER"]
[SourceTitle "EXT 2022"]
[Source "ChessBase"]
[SourceDate "2021.10.06"]
[SourceVersion "1"]
[SourceVersionDate "2021.10.06"]
[SourceQuality "1"]
[WhiteTeam "Grosshansdorf"]
[BlackTeam "St Pauli II"]
[WhiteTeamCountry "GER"]
[BlackTeamCountry "GER"]

1. d4 g6 2. Nf3 Bg7 3. c4 c5 4. d5 Qa5+ 5. Bd2 Qb6 6. Nc3 d6 7. Qc2 Nh6 8. e4 0-0 9. Be2 f5 10. 0-0 Na6 11. a3 fxe4 12. Nxe4 Bf5 13. Bd3 Bg4 14. Neg5 Nf5 15. Ne6 Bxf3 16. Bxf5 Rxf5 17. Nxg7 Kxg7 18. gxf3 Raf8 19. Bc3+ Kg8 20. Qe4 Qd8 21. Rae1 R8f7 22. Re3 Qf8 23. Rfe1 Rf4 24. Qe6 Nc7 25. Qd7 e5 26. dxe6 Rxd7 27. exd7 Rf7 28. Re8 Rxd7 29. Rxf8+ Kxf8 30. Rd1 d5 31. cxd5 Nxd5 32. Be5 Kf7 33. Bb8 b5 34. Bxa7 Rxa7 35. Rxd5 Rc7 36. Kf1 Ke6 37. Rd8 Rb7 38. Rd2 1/2-1/2

[Event "Regionalliga SO 0607"]
[Site "Bayern"]
[Date "2007.04.01"]
[Round "8.8"]
[White "Heigermoser, Robert"]
[Black "Prosch, Sebastian"]
[Result "1-0"]
[WhiteElo "2016"]
[BlackElo "2057"]
[PlyCount "79"]
[EventDate "2006.10.15"]
[EventType "team-tourn"]
[EventRounds "9"]
[EventCountry "GER"]
[SourceTitle "EXT 2008"]
[Source "ChessBase"]
[SourceDate "2007.11.25"]
[SourceVersion "1"]
[SourceVersionDate "2007.11.25"]
[SourceQuality "1"]
[WhiteTeam "Pang/Rosenheim II"]
[BlackTeam "Passau II"]
[WhiteTeamCountry "GER"]
[BlackTeamCountry "GER"]

1. Nf3 c5 2. c4 g6 3. d4 Bg7 4. d5 f5 5. Qc2 e5 6. e4 d6 7. Nc3 Nf6 8. Bd3 Na6 9. a3 fxe4 10. Nxe4 Nxe4 11. Bxe4 0-0 12. 0-0 Bf5 13. Ng5 Nc7 14. b4 b6 15. Rb1 Rb8 16. Be3 Qd7 17. Rb2 h6 18. Nf3 Bxe4 19. Qxe4 Qf5 20. Nd2 h5 21. Rfb1 Na6 22. f3 Bf6 23. g4 Qxe4 24. Nxe4 Be7 25. Kg2 cxb4 26. axb4 Nc7 27. Ra2 a6 28. Rd1 a5 29. bxa5 bxa5 30. gxh5 Rb3 31. Kf2 Na6 32. Rxa5 Nb4 33. Rb5 gxh5 34. Ke2 Ra8 35. Rd2 Raa3 36. Bg5 Bxg5 37. Nxg5 Re3+ 38. Kf2 Na6 39. Rb6 Kg7 40. Rxa6 1-0

[Event "Berlin op 08"]
[Site "Berlin"]
[Date "2006.08.21"]
[Round "3"]
[White "Zur, Jan"]
[Black "Prosch, Sebastian"]
[Result "0-1"]
[WhiteElo "1833"]
[BlackElo "2039"]
[PlyCount "116"]
[EventDate "2006.08.19"]
[EventType "swiss"]
[EventRounds "9"]
[EventCountry "GER"]
[SourceTitle "EXT 2007"]
[Source "ChessBase"]
[SourceDate "2006.11.23"]
[SourceVersion "1"]
[SourceVersionDate "2006.11.23"]
[SourceQuality "1"]

1. e4 c5 2. Nf3 Nc6 3. d4 cxd4 4. Nxd4 g6 5. Nc3 Bg7 6. Be3 Nf6 7. Be2 0-0 8. Qd2 d5 9. exd5 Nxd5 10. Nxd5 Qxd5 11. Bf3 Qe5 12. Nxc6 bxc6 13. 0-0 Bf5 14. c3 Rfd8 15. Qc1 Qb5 16. Rd1 Rxd1+ 17. Bxd1 c5 18. Bc2 Be6 19. Bf4 Bd5 20. a4 Qb7 21. f3 c4 22. Rb1 Rd8 23. Qe3 Be6 24. Bg3 Rd7 25. Bf2 Qb8 26. Qe2 Be5 27. h3 Bf6 28. Qe1 a6 29. Bg3 Qb6+ 30. Bf2 Qb8 31. Bg3 Qb6+ 32. Bf2 Qb7 33. h4 Qb8 34. h5 Kg7 35. Be3 Be5 36. h6+ Kg8 37. Bf2 Bh2+ 38. Kh1 Bf4 39. Be3 Bg3 40. Bf2 Bxf2 41. Qxf2 Qf4 42. Rd1 Qxh6+ 43. Kg1 Rxd1+ 44. Bxd1 Qc1 45. Qc2 Qe3+ 46. Qf2 Qf4 47. a5 Qe5 48. Qh4 f6 49. Qe4 Qc5+ 50. Kh2 Bd5 51. Qe2 Kf7 52. b4 cxb3 53. Qxa6 Qxc3 54. Qb5 Bc4 55. Qc5 Qd3 56. Qb4 b2 57. Qxb2 Qxd1 58. a6 Qd6+ 0-1

[Event "Berlin op 08"]
[Site "Berlin"]
[Date "2006.08.19"]
[Round "1"]
[White "Schneider, Eckehard"]
[Black "Prosch, Sebastian"]
[Result "0-1"]
[WhiteElo "1578"]
[BlackElo "2039"]
[PlyCount "40"]
[EventDate "2006.08.19"]
[EventType "swiss"]
[EventRounds "9"]
[EventCountry "GER"]
[SourceTitle "EXT 2007"]
[Source "ChessBase"]
[SourceDate "2006.11.23"]
[SourceVersion "1"]
[SourceVersionDate "2006.11.23"]
[SourceQuality "1"]

1. e4 c5 2. c3 e6 3. Nf3 d5 4. exd5 exd5 5. d4 c4 6. b3 cxb3 7. axb3 Bd6 8. Ba3 Bxa3 9. Nxa3 Nf6 10. Bb5+ Bd7 11. Qe2+ Ne4 12. 0-0 0-0 13. Bxd7 Nxd7 14. Qd3 Ng5 15. Rfe1 Nxf3+ 16. Qxf3 Nf6 17. Nc2 Qc7 18. Re5 Rac8 19. Ne3 Qxc3 20. Nxd5 Qxa1+ 0-1

[Event "GER-chT Lands U20"]
[Site "Bad Sulza"]
[Date "2004.11.16"]
[Round "2.2"]
[White "Siebarth, Marco"]
[Black "Prosch, Sebastian"]
[Result "1/2-1/2"]
[WhiteElo "2051"]
[BlackElo "2107"]
[PlyCount "99"]
[EventDate "2004.11.15"]
[EventType "team-swiss"]
[EventRounds "7"]
[EventCountry "GER"]
[SourceTitle "EXT 2006"]
[Source "ChessBase"]
[SourceDate "2005.11.24"]
[SourceVersion "1"]
[SourceVersionDate "2005.11.24"]
[SourceQuality "1"]

1. e4 c5 2. Nf3 g6 3. c4 Bg7 4. d4 Qa5+ 5. Bd2 Qb6 6. Bc3 Nf6 7. Bd3 d6 8. dxc5 dxc5 9. 0-0 0-0 10. Ne5 Nc6 11. Nxc6 Qxc6 12. Qe2 Rd8 13. e5 Ng4 14. f4 Nh6 15. Be4 Qc7 16. Nd2 Bf5 17. Rad1 Rac8 18. b3 b5 19. cxb5 Qb6 20. Kh1 Bg4 21. Nf3 Nf5 22. Bc6 Bh6 23. Qe4 Nd4 24. Bxd4 cxd4 25. g3 Bf5 26. Qe2 Bf8 27. Kg2 d3 28. Qf2 Rxc6 29. bxc6 Qxc6 30. h3 e6 31. Kh2 Bc5 32. Qd2 Be4 33. Ng5 h6 34. Nxe4 Qxe4 35. Qg2 Qd4 36. Rfe1 d2 37. Re2 Bb4 38. Qe4 Qc3 39. Qg2 Qc2 40. Qf1 Qxa2 41. Re3 Qc2 42. Qe2 a5 43. Qf3 Kg7 44. h4 Rc8 45. Rd3 Rc3 46. Rxc3 Bxc3 47. Kg2 Qxb3 48. Rxd2 a4 49. Rd8 Qc2+ 50. Kh3 1/2-1/2

[Event "Bargteheide op"]
[Site "Bargteheide"]
[Date "2004.05.21"]
[Round "3"]
[White "Stanke, Juergen"]
[Black "Prosch, Sebastian"]
[Result "1-0"]
[WhiteElo "2306"]
[BlackElo "2110"]
[PlyCount "57"]
[EventDate "2004.05.??"]
[EventType "swiss"]
[EventRounds "7"]
[EventCountry "GER"]
[SourceTitle "CBM 100 Extra"]
[Source "ChessBase"]
[SourceDate "2004.07.06"]
[SourceVersion "2"]
[SourceVersionDate "2004.07.06"]
[SourceQuality "1"]

1. d4 Nf6 2. c4 c5 3. d5 b5 4. cxb5 a6 5. e3 axb5 6. Bxb5 Bb7 7. Nc3 Qa5 8. Nge2 Nxd5 9. 0-0 Nxc3 10. Nxc3 e6 11. e4 Bxe4 12. Bxd7+ Nxd7 13. Nxe4 Qa4 14. Qe2 Be7 15. b3 Qc6 16. Bb2 0-0 17. Rfd1 Rfd8 18. Rd3 Nf8 19. Qf3 Rxd3 20. Qxd3 Ng6 21. Qc3 e5 22. Qc4 Qa6 23. Nd2 Qa5 24. Bc3 Qa3 25. Qe4 Rd8 26. Nc4 Qa6 27. Nxe5 Nxe5 28. Bxe5 Qxa2 29. Qg4 1-0

[Event "Kiel op-A 16th"]
[Site "Kiel"]
[Date "2003.08.01"]
[Round "8.16"]
[White "Wiebe, Patrick Martin"]
[Black "Prosch, Sebastian"]
[Result "1/2-1/2"]
[WhiteElo "2204"]
[BlackElo "2085"]
[PlyCount "77"]
[EventDate "2003.07.??"]
[EventType "swiss"]
[EventRounds "9"]
[EventCountry "GER"]
[SourceTitle "CBM 095 Extra"]
[Source "ChessBase"]
[SourceDate "2003.09.04"]
[SourceVersion "1"]
[SourceVersionDate "2003.09.04"]
[SourceQuality "1"]

1. c4 c5 2. Nc3 Nc6 3. g3 g6 4. Bg2 Bg7 5. e4 d6 6. Nge2 e6 7. 0-0 Nge7 8. a3 0-0 9. Rb1 b6 10. b4 Bb7 11. d3 Nd4 12. Nxd4 cxd4 13. Ne2 Rc8 14. Bb2 e5 15. Qb3 Bc6 16. b5 Bd7 17. a4 Be6 18. Qb4 Qc7 19. Ra1 f5 20. f3 fxe4 21. fxe4 Bh6 22. Kh1 Rxf1+ 23. Rxf1 Rf8 24. Qe1 Qc5 25. Ng1 Rxf1 26. Bxf1 Be3 27. Bh3 Bxh3 28. Nxh3 Kg7 29. Kg2 Ng8 30. Nf2 Nf6 31. h3 h5 32. a5 Qc7 33. axb6 axb6 34. Bc1 Bxc1 35. Qxc1 Nd7 36. Qa3 Qb8 37. Qa4 Nc5 38. Qd1 Qd8 39. h4 1/2-1/2

[Event "Kiel op-A 16th"]
[Site "Kiel"]
[Date "2003.07.29"]
[Round "6.20"]
[White "Bildat, Juergen"]
[Black "Prosch, Sebastian"]
[Result "0-1"]
[WhiteElo "2178"]
[BlackElo "2085"]
[PlyCount "48"]
[EventDate "2003.07.??"]
[EventType "swiss"]
[EventRounds "9"]
[EventCountry "GER"]
[SourceTitle "CBM 095 Extra"]
[Source "ChessBase"]
[SourceDate "2003.09.04"]
[SourceVersion "1"]
[SourceVersionDate "2003.09.04"]
[SourceQuality "1"]

1. e4 c5 2. Nf3 Nc6 3. d4 cxd4 4. Nxd4 g6 5. Nc3 Bg7 6. Be3 Nf6 7. Bc4 0-0 8. f3 d6 9. Bb3 Bd7 10. Qd2 Qa5 11. 0-0-0 Rfc8 12. Kb1 Ne5 13. h4 b5 14. h5 Nxh5 15. g4 Nf6 16. Bh6 Bxh6 17. Qxh6 Rxc3 18. bxc3 Nc4 19. g5 Nh5 20. Rxh5 gxh5 21. Rh1 Qxc3 22. Bxc4 bxc4 23. Rxh5 Rb8+ 24. Nb3 Qg7 0-1

[Event "Kiel op-A 16th"]
[Site "Kiel"]
[Date "2003.07.26"]
[Round "2.17"]
[White "Izrailev, Alexander"]
[Black "Prosch, Sebastian"]
[Result "1-0"]
[WhiteElo "2234"]
[BlackElo "2085"]
[PlyCount "83"]
[EventDate "2003.07.??"]
[EventType "swiss"]
[EventRounds "9"]
[EventCountry "GER"]
[SourceTitle "CBM 095 Extra"]
[Source "ChessBase"]
[SourceDate "2003.09.04"]
[SourceVersion "1"]
[SourceVersionDate "2003.09.04"]
[SourceQuality "1"]

1. e4 c5 2. Nf3 Nc6 3. d4 cxd4 4. Nxd4 g6 5. Nc3 Bg7 6. Be3 Nf6 7. Bc4 0-0 8. Bb3 d6 9. f3 Qa5 10. Qd2 Bd7 11. 0-0-0 Rfc8 12. Kb1 Ne5 13. Bh6 Bxh6 14. Qxh6 Rxc3 15. bxc3 Rc8 16. h4 Nc4 17. Bxc4 Rxc4 18. Nb3 Qxc3 19. Qd2 Qe5 20. Qa5 Qxa5 21. Nxa5 Rc7 22. Nb3 Be8 23. Rhe1 Nd7 24. f4 f6 25. Nd4 Bf7 26. Nf3 Nb6 27. e5 Nd5 28. Rd4 b5 29. Kb2 Nc3 30. exd6 exd6 31. Rxd6 Nxa2 32. Rxf6 Nb4 33. Re2 Nd5 34. Rd6 Nb6 35. Ne5 Na4+ 36. Kc1 b4 37. Red2 b3 38. Rd8+ Kg7 39. R8d7 b2+ 40. Kb1 Nc3+ 41. Kxb2 Na4+ 42. Ka3 1-0

[Event "Bargteheide op 6th"]
[Site "Bargteheide"]
[Date "2003.05.31"]
[Round "4"]
[White "Jacoby, Gisbert"]
[Black "Prosch, Sebastian"]
[Result "1-0"]
[WhiteElo "2258"]
[BlackElo "2085"]
[PlyCount "85"]
[EventDate "2003.05.29"]
[EventType "swiss"]
[EventRounds "7"]
[EventCountry "GER"]
[SourceTitle "CBM 094 Extra"]
[Source "ChessBase"]
[SourceDate "2003.07.09"]
[SourceVersion "2"]
[SourceVersionDate "2003.07.09"]
[SourceQuality "1"]

1. c4 Nf6 2. Nc3 c5 3. Nf3 Nc6 4. d4 cxd4 5. Nxd4 g6 6. e4 Bg7 7. Nc2 0-0 8. Bg5 d6 9. Be2 Nd7 10. Qd2 Nc5 11. Bh6 Qa5 12. Bxg7 Kxg7 13. 0-0 Ne6 14. f4 Qc5+ 15. Kh1 a5 16. f5 Ned4 17. Nd5 f6 18. Nce3 Bd7 19. Bg4 h5 20. Bd1 g5 21. Rc1 Rh8 22. Ba4 Kf7 23. Rfd1 Rab8 24. a3 Qa7 25. Nc7 Rhc8 26. Ned5 b6 27. Nb5 Nxb5 28. cxb5 Ne5 29. Nxe7 Kxe7 30. Qxd6+ Ke8 31. Qxf6 Ng4 32. Qh8+ Ke7 33. Qg7+ Ke8 34. Qg8+ Ke7 35. f6+ Nxf6 36. Qg7+ Ke8 37. Qxf6 Rxc1 38. Rxc1 Qb7 39. Bb3 Bg4 40. Bd5 Rc8 41. Bc6+ Bd7 42. Qe6+ Kd8 43. Rd1 1-0

[Event "Norderstedt"]
[Site "Norderstedt"]
[Date "2003.??.??"]
[Round "7"]
[White "Prosch, Sebastian"]
[Black "Scheerer, Christoph"]
[Result "0-1"]
[WhiteElo "2085"]
[BlackElo "2379"]
[PlyCount "76"]
[EventDate "2003.04.18"]
[EventType "tourn"]
[EventRounds "9"]
[EventCountry "GER"]
[EventCategory "3"]
[SourceTitle "EXT 2004"]
[Source "ChessBase"]
[SourceDate "2003.11.25"]
[SourceVersion "1"]
[SourceVersionDate "2003.11.25"]
[SourceQuality "1"]

1. c4 Nc6 2. Nc3 Nf6 3. g3 e5 4. Bg2 Bc5 5. e3 a6 6. Nge2 d6 7. 0-0 0-0 8. d4 Ba7 9. d5 Ne7 10. b4 Nd7 11. Ba3 f5 12. Rc1 Ng6 13. Na4 f4 14. exf4 exf4 15. Nd4 fxg3 16. hxg3 Nde5 17. c5 Bg4 18. Qb3 Qf6 19. f4 Nd7 20. Ne6 b5 21. Nb2 Rf7 22. Nd3 Qf5 23. Nf2 Nf6 24. Bb2 Qh5 25. Bxf6 gxf6 26. Ne4 Nf8 27. Kf2 Re8 28. Nd4 Bd7 29. Rce1 f5 30. Ng5 dxc5 31. Bf3 Qh2+ 32. Bg2 Rxe1 33. Rxe1 cxd4 34. Rh1 d3+ 35. Kf3 Qxh1 36. Bxh1 Re7 37. d6+ Ne6 38. dxe7 Bc6+ 0-1

[Event "Guben op"]
[Site "Guben"]
[Date "2003.??.??"]
[Round "5"]
[White "Reitingerova, Iveta"]
[Black "Prosch, Sebastian"]
[Result "0-1"]
[WhiteElo "2003"]
[BlackElo "2107"]
[PlyCount "56"]
[EventDate "2003.??.??"]
[EventType "swiss"]
[EventRounds "7"]
[EventCountry "GER"]
[SourceTitle "EXT 2008"]
[Source "ChessBase"]
[SourceDate "2007.11.25"]
[SourceVersion "1"]
[SourceVersionDate "2007.11.25"]
[SourceQuality "1"]

1. e4 c5 2. d4 cxd4 3. c3 d3 4. Bxd3 Nc6 5. Nf3 g6 6. Bf4 Bg7 7. e5 f6 8. exf6 Nxf6 9. Ng5 d5 10. Qc2 0-0 11. Nd2 e5 12. Bg3 e4 13. Bxe4 dxe4 14. Qb3+ Qd5 15. Qxd5+ Nxd5 16. Ngxe4 Nf4 17. Bxf4 Rxf4 18. 0-0-0 Ne5 19. f3 Rf8 20. Nb3 Bf5 21. Rhe1 Nc4 22. Rd5 Bh6+ 23. Kb1 Rad8 24. Red1 Rde8 25. R5d4 Ne3 26. R1d2 Bxe4+ 27. fxe4 Rf1+ 28. Nc1 Nxg2 0-1

[Event "GER-ch U18"]
[Site "Winterberg"]
[Date "2002.05.20"]
[Round "4"]
[White "Prosch, Sebastian"]
[Black "Fiedler, Holger"]
[Result "0-1"]
[WhiteElo "1884"]
[BlackElo "2139"]
[PlyCount "134"]
[EventDate "2002.05.19"]
[EventType "swiss"]
[EventRounds "8"]
[EventCountry "GER"]
[SourceTitle "CBM 088 Extra"]
[Source "ChessBase"]
[SourceDate "2002.07.01"]
[SourceVersion "2"]
[SourceVersionDate "2002.07.01"]
[SourceQuality "1"]

1. d4 Nf6 2. c4 g6 3. g3 Bg7 4. Bg2 0-0 5. Nc3 d6 6. Nf3 Nc6 7. 0-0 a6 8. b3 Rb8 9. a4 Na5 10. Bb2 c5 11. d5 Qb6 12. Nd2 Bh6 13. Nce4 Nxe4 14. Bxe4 Qb4 15. f4 Bg7 16. Bxg7 Kxg7 17. Qc2 f5 18. Bg2 e6 19. dxe6 Bxe6 20. e4 Rbe8 21. Rae1 Nxb3 22. Qxb3 Qxd2 23. Rd1 Qe2 24. exf5 Bxc4 25. Qc3+ Kh6 26. Rfe1 Qa2 27. g4 Rxe1+ 28. Rxe1 Qb3 29. g5+ Kh5 30. Qg7 Rxf5 31. Qxh7+ Kg4 32. Qxg6 Qc3 33. Rb1 Qd3 34. Re1 Bd5 35. Bxd5 Qd4+ 36. Kh1 Qxd5+ 37. Kg1 Qd2 38. Rf1 Qe3+ 39. Kh1 Qe4+ 40. Kg1 Rxf4 41. Rxf4+ Qxf4 42. Qe6+ Kxg5 43. Qe7+ Kg4 44. Qe6+ Kh4 45. Qe1+ Kh3 46. Qc3+ Kg4 47. h3+ Kh4 48. Qh8+ Kg3 49. Qc3+ Qf3 50. Qg7+ Kxh3 51. Qh6+ Kg4 52. Qe6+ Kg5 53. Qg8+ Kf5 54. Qf7+ Ke4 55. Qxb7+ d5 56. Qxa6 c4 57. Qg6+ Qf5 58. Qg2+ Kd4 59. Qg7+ Kc5 60. Qe7+ Kd4 61. Qg7+ Kd3 62. Qg3+ Kd2 63. a5 c3 64. a6 c2 65. Qg2+ Kd1 66. a7 c1Q 67. a8Q Qe3+ 0-1

[Event "Schleswig Holstein-ch U18"]
[Site "Neumuenster"]
[Date "2002.04.12"]
[Round "9"]
[White "Meifert, Thomas"]
[Black "Prosch, Sebastian"]
[Result "0-1"]
[WhiteElo "1459"]
[BlackElo "1880"]
[PlyCount "62"]
[EventDate "2002.04.??"]
[EventType "tourn"]
[EventRounds "9"]
[EventCountry "GER"]
[SourceTitle "EXT 2003"]
[Source "ChessBase"]
[SourceDate "2002.11.25"]
[SourceVersion "1"]
[SourceVersionDate "2002.11.25"]
[SourceQuality "1"]

1. e4 c5 2. Nc3 g6 3. Nf3 Bg7 4. Be2 Nc6 5. d3 e6 6. 0-0 Nge7 7. Be3 Nd4 8. Bxd4 cxd4 9. Nb1 Qb6 10. b3 d5 11. e5 Nc6 12. Ng5 Bxe5 13. f4 Bf6 14. Nh3 Ne7 15. g4 Bd7 16. a4 Qc7 17. Nd2 0-0-0 18. b4 Qc3 19. b5 Kb8 20. Nb3 h5 21. g5 Bg7 22. Nf2 Nf5 23. Qd2 Rc8 24. Rfc1 Ne3 25. Nd1 Qxd2 26. Nxd2 Rxc2 27. Rxc2 Nxc2 28. Rb1 Rc8 29. a5 Ne3 30. Rb4 Nxd1 31. Bxd1 Rc1 0-1

[Event "Schleswig Holstein-ch U18"]
[Site "Neumuenster"]
[Date "2002.04.07"]
[Round "2"]
[White "Soberski, Mario"]
[Black "Prosch, Sebastian"]
[Result "0-1"]
[WhiteElo "1571"]
[BlackElo "1880"]
[PlyCount "46"]
[EventDate "2002.04.??"]
[EventType "tourn"]
[EventRounds "9"]
[EventCountry "GER"]
[SourceTitle "EXT 2003"]
[Source "ChessBase"]
[SourceDate "2002.11.25"]
[SourceVersion "1"]
[SourceVersionDate "2002.11.25"]
[SourceQuality "1"]

1. e4 c5 2. Nf3 Nc6 3. d4 cxd4 4. Nxd4 Nf6 5. Nc3 g6 6. Be3 d6 7. f3 Bg7 8. Qd2 0-0 9. 0-0-0 d5 10. exd5 Nxd5 11. Nxc6 bxc6 12. Nxd5 cxd5 13. Qxd5 Qc7 14. Qc5 Qb7 15. b3 Bf5 16. Bc4 Rac8 17. Qxa7 Rxc4 18. bxc4 Qb2+ 19. Kd2 Rd8+ 20. Ke2 Qxc2+ 21. Rd2 Qxc4+ 22. Kf2 Rxd2+ 23. Bxd2 Bd4+ 0-1

[Event "JBLN West 0102 "]
[Site "Germany"]
[Date "2001.11.18"]
[Round "?"]
[White "Prosch, Sebastian"]
[Black "Frackowiak, Oliver"]
[Result "1/2-1/2"]
[WhiteElo "1801"]
[BlackElo "2008"]
[PlyCount "36"]
[EventDate "2002.10.??"]
[EventType "team-tourn"]
[EventRounds "9"]
[EventCountry "GER"]
[SourceTitle "EXT 2005"]
[Source "ChessBase"]
[SourceDate "2004.11.15"]
[SourceVersion "1"]
[SourceVersionDate "2004.11.15"]
[SourceQuality "1"]

1. d4 Nf6 2. c4 g6 3. Nc3 Bg7 4. e4 d6 5. Nf3 0-0 6. Be2 Na6 7. 0-0 e5 8. Bg5 h6 9. Bxf6 Qxf6 10. d5 Qe7 11. Rc1 f5 12. Nd2 Nc5 13. b4 Nxe4 14. Ncxe4 fxe4 15. Bg4 Bf5 16. Rc3 Qh4 17. Rg3 a5 18. b5 b6 1/2-1/2

[Event "Schleswig Holstein-ch U18"]
[Site "Neumuenster"]
[Date "2001.04.11"]
[Round "7"]
[White "Schinkowski, Christoph"]
[Black "Prosch, Sebastian"]
[Result "1-0"]
[WhiteElo "1769"]
[BlackElo "1867"]
[PlyCount "37"]
[EventDate "2001.04.??"]
[EventType "tourn"]
[EventRounds "9"]
[EventCountry "GER"]
[SourceTitle "EXT 2003"]
[Source "ChessBase"]
[SourceDate "2002.11.25"]
[SourceVersion "1"]
[SourceVersionDate "2002.11.25"]
[SourceQuality "1"]

1. e4 c5 2. Nf3 Nc6 3. Bb5 e6 4. Bxc6 bxc6 5. d3 Ne7 6. 0-0 Ng6 7. Bg5 Be7 8. Bxe7 Qxe7 9. e5 0-0 10. Nbd2 f6 11. Qe2 fxe5 12. Nxe5 Qg5 13. Nxg6 Qxg6 14. Ne4 Rf4 15. Qe3 Rb8 16. b3 Rb4 17. Nd6 Rg4 18. Nxc8 Rxg2+ 19. Kh1 1-0

[Event "Schleswig Holstein-chA U16"]
[Site "Neumuenster"]
[Date "2000.04.21"]
[Round "9"]
[White "Prosch, Sebastian"]
[Black "Hintz, Bastian"]
[Result "0-1"]
[WhiteElo "1760"]
[BlackElo "1710"]
[PlyCount "70"]
[EventDate "2000.04.??"]
[EventType "tourn"]
[EventRounds "9"]
[EventCountry "GER"]
[SourceTitle "EXT 2003"]
[Source "ChessBase"]
[SourceDate "2002.11.25"]
[SourceVersion "1"]
[SourceVersionDate "2002.11.25"]
[SourceQuality "1"]

1. d4 d5 2. c4 e6 3. cxd5 exd5 4. Qc2 c6 5. Nc3 Bd6 6. Nf3 Ne7 7. Bg5 Bg4 8. Nd2 0-0 9. e3 Bh5 10. Bd3 Bg6 11. Bxg6 hxg6 12. 0-0 Nd7 13. Rab1 f5 14. Rfe1 Nf6 15. Na4 Kf7 16. b4 Rh8 17. h4 Qc7 18. g3 Ng4 19. f4 a6 20. Rb3 Nc8 21. Nc5 b5 22. Nd3 Nb6 23. Nf2 Nxf2 24. Kxf2 Nc4 25. Nxc4 bxc4 26. Rbb1 Rhb8 27. h5 Bxb4 28. Rh1 Ba3 29. g4 Qd7 30. Qa4 Bd6 31. Rxb8 Rxb8 32. hxg6+ Kxg6 33. gxf5+ Qxf5 34. Qxc6 Rb2+ 35. Kg3 Qxg5+ 0-1

[Event "Schleswig Holstein-chA U16"]
[Site "Neumuenster"]
[Date "2000.04.19"]
[Round "7"]
[White "Prosch, Sebastian"]
[Black "Jittler, Jonas"]
[Result "1-0"]
[WhiteElo "1760"]
[BlackElo "1125"]
[PlyCount "81"]
[EventDate "2000.04.??"]
[EventType "tourn"]
[EventRounds "9"]
[EventCountry "GER"]
[SourceTitle "EXT 2003"]
[Source "ChessBase"]
[SourceDate "2002.11.25"]
[SourceVersion "1"]
[SourceVersionDate "2002.11.25"]
[SourceQuality "1"]

1. d4 f5 2. h3 h6 3. e4 d6 4. Qh5+ Kd7 5. Qxf5+ e6 6. Qf7+ Qe7 7. Qxe7+ Bxe7 8. Nf3 c6 9. Bf4 g5 10. Be3 b6 11. Bd3 Na6 12. c3 Nc7 13. Nbd2 Bb7 14. e5 d5 15. g4 Ba6 16. Bc2 h5 17. 0-0-0 hxg4 18. hxg4 Nh6 19. Rdg1 Nf7 20. Bg6 Raf8 21. Bxf7 Rxh1 22. Bxe6+ Nxe6 23. Rxh1 Be2 24. Nh2 c5 25. Re1 Bd3 26. Nhf3 Rg8 27. Kd1 Nf4 28. Bxf4 gxf4 29. Rg1 Be4 30. Nxe4 dxe4 31. Nd2 e3 32. fxe3 fxe3 33. Ne4 cxd4 34. cxd4 Rf8 35. Ke2 Ke6 36. Kxe3 Kd5 37. Nc3+ Kc4 38. g5 Rg8 39. g6 Bf8 40. Ne4 Kd5 41. Nf6+ 1-0

[Event "Schleswig Holstein-chA U16"]
[Site "Neumuenster"]
[Date "2000.04.19"]
[Round "6"]
[White "Steinmann, Jonas"]
[Black "Prosch, Sebastian"]
[Result "0-1"]
[WhiteElo "1386"]
[BlackElo "1760"]
[PlyCount "38"]
[EventDate "2000.04.??"]
[EventType "tourn"]
[EventRounds "9"]
[EventCountry "GER"]
[SourceTitle "EXT 2003"]
[Source "ChessBase"]
[SourceDate "2002.11.25"]
[SourceVersion "1"]
[SourceVersionDate "2002.11.25"]
[SourceQuality "1"]

1. d4 Nf6 2. e3 g6 3. Nf3 Bg7 4. c4 d6 5. Bd3 0-0 6. 0-0 Nbd7 7. Nc3 Ne8 8. Qc2 e5 9. dxe5 dxe5 10. Nd2 f5 11. e4 Nc5 12. Be2 Nf6 13. b4 Ne6 14. exf5 Nd4 15. Qd3 Bxf5 16. Nce4 Nxe2+ 17. Qxe2 Nxe4 18. Nxe4 Qd4 19. Bb2 Qxe4 0-1

[Event "Schleswig Holstein-chA U16"]
[Site "Neumuenster"]
[Date "2000.04.17"]
[Round "4"]
[White "Prosch, Sebastian"]
[Black "Diederich, Hauke"]
[Result "1-0"]
[WhiteElo "1760"]
[BlackElo "1320"]
[PlyCount "40"]
[EventDate "2000.04.??"]
[EventType "tourn"]
[EventRounds "9"]
[EventCountry "GER"]
[SourceTitle "EXT 2003"]
[Source "ChessBase"]
[SourceDate "2002.11.25"]
[SourceVersion "1"]
[SourceVersionDate "2002.11.25"]
[SourceQuality "1"]

1. d4 b5 2. e4 a6 3. Bd3 Bb7 4. Qe2 e6 5. Nf3 c5 6. c3 Nf6 7. Bg5 Be7 8. Nbd2 d6 9. 0-0 Nc6 10. a4 b4 11. Rfe1 Qd7 12. Nc4 Qc7 13. dxc5 dxc5 14. e5 Nd5 15. Qd2 Rd8 16. Bxe7 Ndxe7 17. Nd6+ Kf8 18. Qf4 Ng6 19. Bxg6 hxg6 20. Ng5 Rd7 1-0

[Event "Schleswig Holstein-chA U16"]
[Site "Neumuenster"]
[Date "2000.04.15"]
[Round "1"]
[White "Rindler, Julian"]
[Black "Prosch, Sebastian"]
[Result "0-1"]
[WhiteElo "1526"]
[BlackElo "1760"]
[PlyCount "28"]
[EventDate "2000.04.??"]
[EventType "tourn"]
[EventRounds "9"]
[EventCountry "GER"]
[SourceTitle "EXT 2003"]
[Source "ChessBase"]
[SourceDate "2002.11.25"]
[SourceVersion "1"]
[SourceVersionDate "2002.11.25"]
[SourceQuality "1"]

1. e4 c5 2. Nf3 Nc6 3. d4 cxd4 4. Nxd4 g6 5. Be3 Bg7 6. Nc3 Nf6 7. Be2 0-0 8. Qd2 d5 9. exd5 Nxd5 10. Nxd5 Nxd4 11. Nxe7+ Qxe7 12. Bxd4 Bxd4 13. Qxd4 Re8 14. Qc4 Bf5 0-1